00938nam a2200253 a 450000100060000000300080000600500170001400800410003103500190007204000410009104100080013208200280014010000250016824501180019326000320031130000320034350000200037550400320039565000360042765000490046394200120051299900170052495201430054173134BD-RjUL20211209082343.0170528s1962 enka b 001 0 eng d a(BD-RjUL)73352 aNNCU:AbengcNNCU:AdNNCU:AdBD-RjUL aeng 223a393.09667bGOD 19621 aGoody, Jack.913947110aDeath, property and the ancestors :ba study of the mortuary customs of the Lodagaa of West Africa /cJack Goody. aLondon :bTavistock,c1962. ax, 452 p. :bill. ;c24 cm. aIncludes index. aBibliography: p. [436]-444. 0aDagari (African people)9216331 0aFuneral rites and ceremonieszGhana.9216332 2ddccBK c73134d73134 00102ddc40718NFICaRUCLbRUCLcReadingd1964-02-25eZeitlingerg55.00l0o393.09667 GOD 1962r2017-05-28 00:00:00tC-1w2017-05-28yBK